[Event "Werner-Ott-Open Kreuzberger Sommer 2018"]
[Site "Berlin"]
[Date "2018.07.01"]
[Round "2.4"]
[White "Jaeger, Andre"]
[Black "Radovanovic, Jovica"]
[Result "0-1"]
[WhiteElo "1922"]
[BlackElo "2311"]
[Annotator "Lange,A1&BB_R_640941"]
[PlyCount "48"]
[EventDate "2018.06.30"]
[EventType "swiss"]
[EventRounds "9"]
[EventCountry "GER"]
[SourceTitle "WOOKS_2018_R2"]
[Source "Andreas Lange"]
[SourceDate "2018.07.01"]
[SourceVersion "1"]
[SourceVersionDate "2018.07.01"]
[SourceQuality "1"]
[WhiteTeam "SC Rochade"]
[BlackTeam "vereinslos"]
[WhiteTeamCountry "GER"]

{[%mdl 8192] E68: Königsindisch (Hauptvariante des g3-Systems mit e2-e4)} 1. d4
Nf6 2. c4 g6 3. g3 Bg7 4. Bg2 O-O 5. Nc3 d6 6. Nf3 Nbd7 7. O-O e5 8. e4 exd4 9.
Nxd4 Re8 10. h3 a6 11. Bg5 Rb8 $146 (11... h6 12. Be3 Rb8 13. Qc1 Kh7 14. Rd1
Ne5 (14... Qe7 15. Rb1 {Jaeger,A (2108)-Figura,A (2154), Berlin, Kreuzberg
Open 2004, 1-0 (41)}) (14... c5 15. Nde2 {Jaeger,A (1912)-Lenhardt,M (2110),
Berlin, BEM 2017 Klasse A68, 1-0}) (14... Nc5 15. e5 Rxe5 16. Nf3 {½- (27) ½
(27) Jaeger,A (1942)-Roth,J (2101), Berlin, Lichtenberger Sommer 2015}) 15. b3
{Jaeger,A (2058)-Niehaus,F (2128), Berlin, Lichtenberger Sommer 2004, 0-1 (41)}
(15. c5 Nc4 16. cxd6 {Jaeger,A (2040)-Freyberg,D (2176), Berlin, Lichtenrader
Herbst 2011, 0-1 (32)})) 12. Qc1 c5 13. Nde2 b5 14. cxb5 axb5 15. a4 b4 16. Nb5
Qb6 17. Rd1 Nxe4 18. Bxe4 Rxe4 19. Rxd6 Qb7 20. Qc2 Re8 21. Rd2 Ne5 22. Nd6
Nf3+ 23. Kh1 Qa8 24. Nxe8 Ne1+ 0-1

[Event "Werner-Ott-Open Kreuzberger Sommer 2018"]
[Site "Berlin"]
[Date "2018.07.01"]
[Round "2.5"]
[White "Hacker, Jonas"]
[Black "Dathe, Frederick"]
[Result "1-0"]
[WhiteElo "2291"]
[BlackElo "1895"]
[Annotator "Lange,A1&BB_R_640941"]
[PlyCount "105"]
[EventDate "2018.06.30"]
[EventType "swiss"]
[EventRounds "9"]
[EventCountry "GER"]
[SourceTitle "WOOKS_2018_R2"]
[Source "Andreas Lange"]
[SourceDate "2018.07.01"]
[SourceVersion "1"]
[SourceVersionDate "2018.07.01"]
[SourceQuality "1"]
[WhiteTeam "SC Eppingen"]
[BlackTeam "SC Kreuzberg"]
[WhiteTeamCountry "GER"]
[BlackTeamCountry "GER"]

{B01: Skandinavische Verteidigung} 1. e4 d5 2. exd5 Qxd5 3. Nc3 Qd6 4. d4 Nf6
5. Nf3 g6 6. g3 $146 (6. Nb5 Qd8 (6... Qb6 7. c4 c6 8. Nc3 {Schulze,L (2184)
-Fock,A (1789), Willingen, DEM 2018 1-0 (35)}) 7. Bf4 Na6 8. Be2 (8. Na3 Bg7 9.
Bb5+ c6 10. Bc4 {Fuchs,J (2276)-Janaszak,D (2374), 2. Bundesliga Nord 2014/15,
Ruedersdorf 2015 ½-½ (74)}) 8... c6 9. Na3 {Karjakin,S (2762)-Petrosian,T 
(2625), Berlin Meierei Bolle, Blitz WM 2015 0-1 (69)}) 6... Bg7 7. Bg2 Qa6 8.
Bf4 c6 9. Qd2 O-O 10. O-O-O Be6 11. a3 b5 12. Ne5 b4 13. Nb1 bxa3 14. Nxa3 Rd8
15. Rhe1 Nd5 16. Bh6 Nd7 17. Bxg7 Kxg7 18. c4 Nxe5 19. Rxe5 Nf6 20. Rc5 Rac8
21. h3 Qb6 22. Qc3 Kg8 23. g4 Rc7 24. f4 Bc8 25. Re5 Rcd7 26. Nc2 Bb7 27. Bf3
Ne8 28. Rde1 Qc7 29. Qa5 Qxa5 30. Rxa5 Ba8 31. b3 Ng7 32. f5 f6 33. Kb2 Kf7 34.
Rea1 gxf5 35. gxf5 Bb7 36. Rxa7 Nxf5 37. Bg4 e6 38. Bxf5 exf5 39. Rf1 Rg8 40.
Ra5 Bc8 41. Raxf5 Rg6 42. R5f4 Re7 43. R1f2 h5 44. Nb4 f5 45. Nd3 Rg3 46. R2f3
Rxf3 47. Rxf3 Kf6 48. h4 Re4 49. Rf4 Re2+ 50. Kc3 Ke7 51. Ne5 c5 52. Nd3 cxd4+
53. Kxd4 1-0

[Event "Werner-Ott-Open Kreuzberger Sommer 2018"]
[Site "Berlin"]
[Date "2018.07.01"]
[Round "2.6"]
[White "Namestnikov, Boris"]
[Black "Rehberg, Raphael"]
[Result "0-1"]
[WhiteElo "1890"]
[BlackElo "2279"]
[Annotator "Lange,A1&BB_R_640941"]
[PlyCount "78"]
[EventDate "2018.06.30"]
[EventType "swiss"]
[EventRounds "9"]
[EventCountry "GER"]
[SourceTitle "WOOKS_2018_R2"]
[Source "Andreas Lange"]
[SourceDate "2018.07.01"]
[SourceVersion "1"]
[SourceVersionDate "2018.07.01"]
[SourceQuality "1"]
[WhiteTeam "SK Zehlendorf"]
[BlackTeam "SG Lok Brandenburg"]
[WhiteTeamCountry "GER"]
[BlackTeamCountry "GER"]

{[%mdl 8192] D35: Damengambit (Abtauschvariante)} 1. d4 Nf6 2. c4 e6 3. Nc3 d5
4. cxd5 exd5 5. Bg5 Be7 6. e3 O-O 7. Bd3 Re8 (7... c5 8. Qc2 h6 9. Bh4 Re8 10.
Nge2 Nc6 {½-½ (20) Bok,B (2640)-Buhmann,R (2589), 1. Bundesliga 2017/18,
Berlin 2018}) 8. Qc2 h6 9. Bf4 c5 $146 (9... c6 10. Nge2 a5 {Dimitrijeski,B 
(2073)-Hirche,M (2040), Berlin, Offene BEM 1997, 1-0 (40)}) 10. Nf3 Nc6 11.
dxc5 Bxc5 12. O-O Nh5 13. Ne2 Qb6 14. Rac1 Bf8 15. Rfd1 Bg4 16. Bg3 Nxg3 17.
hxg3 Rad8 18. a3 Rc8 19. Qd2 Bxf3 20. gxf3 Ne5 21. Kg2 Nxd3 22. Qxd3 Rxc1 23.
Nxc1 Qxb2 24. Qxd5 Bxa3 25. Nd3 Qb6 26. Nf4 Bf8 27. g4 Rc8 28. Qe4 Qc6 29. Qf5
g6 30. Qd3 Re8 31. Nd5 a6 32. Qd4 Bg7 33. Qb4 Kh7 34. g5 Re5 35. e4 Rxg5+ 36.
Kf1 Re5 37. Rb1 b5 38. Qa5 Qc4+ 39. Ke1 Rxd5 0-1

[Event "Werner-Ott-Open Kreuzberger Sommer 2018"]
[Site "Berlin"]
[Date "2018.07.01"]
[Round "2.7"]
[White "Jeremic, Dusan"]
[Black "Bui, Bao Anh Le"]
[Result "0-1"]
[WhiteElo "2179"]
[BlackElo "1883"]
[Annotator "Lange,A1&BB_R_640941"]
[PlyCount "68"]
[EventDate "2018.06.30"]
[EventType "swiss"]
[EventRounds "9"]
[EventCountry "GER"]
[SourceTitle "WOOKS_2018_R2"]
[Source "Andreas Lange"]
[SourceDate "2018.07.01"]
[SourceVersion "1"]
[SourceVersionDate "2018.07.01"]
[SourceQuality "1"]
[WhiteTeam "SF Berlin 1903"]
[BlackTeam "SV Mattnetz Berlin"]
[WhiteTeamCountry "GER"]
[BlackTeamCountry "GER"]

{[%mdl 8192] B50: Sizilianisch (Verschiedenes mit 2...d6)} 1. e4 c5 2. Nf3 d6
3. Bc4 a6 (3... g6 4. c3 Bg7 5. O-O Nf6 6. Re1 O-O 7. Bb3 Bg4 8. d3 Nc6 9. Nbd2
Ne5 10. h3 Bxf3 11. Nxf3 Nxf3+ 12. Qxf3 e6 13. Bg5 h6 14. Bh4 Qe7 15. Rad1 Rfd8
16. d4 cxd4 17. cxd4 g5 18. Bg3 {Grandelius,N (2647)-Antipov,M (2569), Berlin
Meierei Bolle, Blitz WM 2015, 1-0 (37)}) (3... h6 4. d4 cxd4 5. Nxd4 e5 6. Nf3
Nf6 7. Qe2 Be7 8. O-O O-O 9. Rd1 Qc7 10. Bb3 Nc6 11. h3 b6 12. a3 Bb7 13. Nc3
a6 14. Nd5 Nxd5 15. Bxd5 Rac8 16. c3 b5 17. Ne1 Nd8 18. f3 {Fritz,J (1562)
-Mackowiak,M (1416), Offene BSenEM 2017, ½-½ (65)}) 4. a4 $146 (4. d3 b5 5.
Bb3 Bb7 6. Nbd2 Nf6 7. Qe2 Nc6 8. c3 e6 9. Nf1 Be7 10. Ng3 Rc8 11. O-O O-O 12.
Ng5 Qd7 13. f4 d5 14. e5 Ne8 15. f5 Bxg5 16. Bxg5 exf5 17. Nxf5 f6 18. e6 Qc7 {
Koch,E (1739)-Cejda,C (1510) Willingen, DEM 2016 U18w, 1-0 (38)}) 4... Nf6 5.
Qe2 Nc6 6. c3 Bg4 7. d3 e6 8. h3 Bh5 9. Bf4 Be7 10. Nbd2 O-O 11. O-O Nd7 12.
Bb3 Na5 13. Bc2 Nc6 14. Qe3 Rc8 15. Nc4 d5 16. Nd6 d4 17. Qd2 Ra8 18. Nc4 Bxf3
19. gxf3 b5 20. Na3 Nde5 21. Qe2 dxc3 22. bxc3 b4 23. cxb4 Nd4 24. Qd1 Nexf3+
25. Kh1 Bd6 26. Bg3 f5 27. bxc5 f4 28. cxd6 fxg3 29. fxg3 Qg5 30. g4 Qf4 31.
Rf2 Qg3 32. Qf1 Nh4 33. Rxf8+ Rxf8 34. Qg1 Qxh3+ 0-1

[Event "Werner-Ott-Open Kreuzberger Sommer 2018"]
[Site "Berlin"]
[Date "2018.07.01"]
[Round "2.8"]
[White "Grassi, Fabrizio"]
[Black "Wierzbicki, Jirawat"]
[Result "1/2-1/2"]
[WhiteElo "1872"]
[BlackElo "2161"]
[Annotator "Lange,A1&BB_R_640941"]
[PlyCount "70"]
[EventDate "2018.06.30"]
[EventType "swiss"]
[EventRounds "9"]
[EventCountry "GER"]
[SourceTitle "WOOKS_2018_R2"]
[Source "Andreas Lange"]
[SourceDate "2018.07.01"]
[SourceVersion "1"]
[SourceVersionDate "2018.07.01"]
[SourceQuality "1"]
[WhiteTeam "SV Berlin-Friedrichstadt"]
[BlackTeam "SK Koenig Tegel 1949"]
[WhiteTeamCountry "GER"]
[BlackTeamCountry "GER"]

{D00: Damenbauernspiele} 1. d4 d5 2. Bf4 Nf6 3. e3 c5 4. c3 Nc6 5. Nd2 Bf5 (
5... cxd4 6. exd4 Bf5 {Eljanov,P (2717)-Motylev,A (2649), Berlin Meierei Bolle,
Blitz WM 2015 1-0}) 6. Qb3 (6. Ngf3 {Weyerer,N (1263)-Ermitsch,M (1560),
Willingen, DEM 2018 U10, 0-1 (31)}) 6... Qd7 7. Ngf3 $146 (7. dxc5 e5 8. Bg3
Nh5 9. Ngf3 Nxg3 10. hxg3 Bxc5 {Jurkatis,H (2057)-Slepuschkin,S (2058),
Berlin-Lichtenrade, BEM 2011 Klasse M, 0-1 (41)}) (7. Bb5 a6 8. Qa4 Rc8 {
Starke,R-Zur,J, Harald-Lieb-Gedenkturnier, Berlin 2015 0-1 (37)}) 7... c4 8.
Qb5 e6 9. b3 cxb3 10. axb3 Be7 11. Ne5 Qc8 12. Nxc6 bxc6 13. Qa6 Qd7 14. Nf3
Bd6 15. Bxd6 Qxd6 16. Ne5 O-O 17. Qxc6 Qe7 18. Ba6 Rab8 19. Qa4 Qc7 20. c4 Bc2
21. Bb5 dxc4 22. Qxc4 Qb6 23. Qxc2 Qxb5 24. Qc4 Qxb3 25. Qxb3 Rxb3 26. O-O Rb7
27. Rfc1 g6 28. g3 Ra8 29. Ra6 Nd5 30. Nc6 Ne7 31. Nxe7+ Rxe7 32. Kg2 Rb8 33.
Rca1 Rbb7 34. h4 Rec7 35. R1a2 Kg7 1/2-1/2

[Event "Werner-Ott-Open Kreuzberger Sommer 2018"]
[Site "Berlin"]
[Date "2018.07.01"]
[Round "2.9"]
[White "Kohler, Thomas"]
[Black "Schneider, Eckehard"]
[Result "1-0"]
[WhiteElo "2147"]
[BlackElo "1854"]
[Annotator "Lange,A1&BB_R_640941"]
[PlyCount "65"]
[EventDate "2018.06.30"]
[EventType "swiss"]
[EventRounds "9"]
[EventCountry "GER"]
[SourceTitle "WOOKS_2018_R2"]
[Source "Andreas Lange"]
[SourceDate "2018.07.01"]
[SourceVersion "1"]
[SourceVersionDate "2018.07.01"]
[SourceQuality "1"]
[WhiteTeam "SC Zitadelle Spandau 1977"]
[BlackTeam "SF Berlin 1903"]
[WhiteTeamCountry "GER"]
[BlackTeamCountry "GER"]

{[%mdl 8192] A26: Englische Eröffnung (Sizilianisch im Anzug)} 1. c4 Nf6 2. g3
g6 3. Bg2 Bg7 4. Nc3 O-O 5. e4 e5 6. Nge2 d6 7. O-O Nc6 8. d3 a6 9. h3 (9. Nd5
Nxd5 10. cxd5 Ne7 {Neumann,J (2068)-Krueger,E (2192), DSenEM 2017 Gruppe A,
Berlin 2017, 0-1 (41)}) 9... Rb8 $146 (9... b5 10. Bg5 h6 11. Be3 {Kohler,T 
(2143)-Hannebauer,T (2022), Werner-Ott-Open Kreuzberger Sommer, Berlin 2016,
1-0 (33)}) 10. Be3 Be6 11. Nd5 Ne7 12. d4 Bxd5 13. cxd5 Nd7 14. dxe5 Nxe5 15.
Rc1 c5 16. dxc6 N5xc6 17. Qd2 Qd7 18. Rfd1 Qe6 19. b3 Rfd8 20. Nf4 Qe5 21. Nd3
Qf6 22. Bb6 Re8 23. Nf4 Nc8 24. Nd5 Qe5 25. Be3 N8e7 26. Bf4 Qd4 27. Bxd6 Qxd2
28. Rxd2 Bh6 29. f4 Nxd5 30. exd5 Ne7 31. Bxb8 Rxb8 32. d6 f5 33. d7 1-0

[Event "Werner-Ott-Open Kreuzberger Sommer 2018"]
[Site "Berlin"]
[Date "2018.07.01"]
[Round "2.10"]
[White "Bruening, Wolfgang"]
[Black "Federau, Juergen"]
[Result "0-1"]
[WhiteElo "1850"]
[BlackElo "2127"]
[Annotator "Lange,A1&BB_R_640941"]
[PlyCount "94"]
[EventDate "2018.06.30"]
[EventType "swiss"]
[EventRounds "9"]
[EventCountry "GER"]
[SourceTitle "WOOKS_2018_R2"]
[Source "Andreas Lange"]
[SourceDate "2018.07.01"]
[SourceVersion "1"]
[SourceVersionDate "2018.07.01"]
[SourceQuality "1"]
[WhiteTeam "vereinslos"]
[BlackTeam "SC Kreuzberg"]
[BlackTeamCountry "GER"]

{D05: Damenbauernspiele (Colle-Aufbau)} 1. Nf3 Nf6 2. d4 e6 3. e3 c5 4. Bd3 d5
5. b3 Nc6 6. Bb2 Nb4 $146 (6... Bd6 7. Nbd2 cxd4 (7... b6 8. O-O O-O 9. Ne5 Bb7
{Kleemeyer,O (1658)-Hoffmann,A (1281) Berlin, Gilette-Open 2007 0-1 (22)}) 8.
exd4 Nb4 (8... O-O 9. O-O Qc7 {Sauer,A (1501)-Steffens,O (1262), DEM 2012 U12,
Oberhof 2012 0-1 (95)}) 9. Be2 O-O 10. O-O {Barna,A (2145)-Pohling,G, Oberliga
Nord Ost 1998/99, Deutschland 1999 ½-½ (51)}) (6... Qc7 7. a3 Bd6 8. Nbd2 e5
{Moser,A (2179)-Meister,J (2429),DSenEM 2017 Gruppe A, Berlin 2017, 0-1 (41)})
7. Be2 Be7 8. O-O O-O 9. Ne5 Nd7 10. f4 f6 11. Nf3 b6 12. c4 Re8 13. Nc3 dxc4
14. Bxc4 Nf8 15. Qe2 Nd5 16. Rfd1 Nxc3 17. Bxc3 Qc7 18. Rac1 Qb8 19. d5 Kh8 20.
dxe6 Bxe6 21. Bxe6 Nxe6 22. Rd7 Nf8 23. Rd5 Qc7 24. g3 Rad8 25. e4 Rxd5 26.
exd5 Rd8 27. Rd1 Bd6 28. h4 Qf7 29. Kf2 Re8 30. Qd3 Qh5 31. Re1 Rxe1 32. Kxe1
Ng6 33. Nd2 Ne7 34. Ne4 Qxd5 35. Qxd5 Nxd5 36. Bxf6 Bxf4 37. Bxg7+ Kxg7 38.
gxf4 Nxf4 39. Nd6 Ng2+ 40. Kf2 Nxh4 41. Nc8 Nf5 42. Nxa7 Nd6 43. Nc6 Kf6 44. a4
Nb7 45. b4 cxb4 46. Nxb4 Ke6 47. Nd3 Nc5 0-1

[Event "Werner-Ott-Open Kreuzberger Sommer 2018"]
[Site "Berlin"]
[Date "2018.07.01"]
[Round "2.11"]
[White "Krefenstein, Sergej"]
[Black "Hiller, Bernd"]
[Result "1-0"]
[WhiteElo "2119"]
[BlackElo "1847"]
[Annotator "Lange,A1&BB_R_640941"]
[PlyCount "55"]
[EventDate "2018.06.30"]
[EventType "swiss"]
[EventRounds "9"]
[EventCountry "GER"]
[SourceTitle "WOOKS_2018_R2"]
[Source "Andreas Lange"]
[SourceDate "2018.07.01"]
[SourceVersion "1"]
[SourceVersionDate "2018.07.01"]
[SourceQuality "1"]
[WhiteTeam "TuS Makkabi Berlin"]
[BlackTeam "SV Berolina Mitte"]
[WhiteTeamCountry "GER"]
[BlackTeamCountry "GER"]

{[%mdl 64] D08: Albins Gegengambit} 1. d4 d5 2. Nf3 Nc6 3. c4 e5 4. dxe5 d4 5.
a3 Be6 6. e3 dxe3 7. Qxd8+ Rxd8 8. Bxe3 Nge7 9. Nc3 $146 (9. Bg5 h6 10. Bxe7
Bxe7 11. Nbd2 O-O 12. Rd1 Bg4 13. Be2 {Bergmann,A (1580)-Hoerig,D (1802), JBL
Nord Ost 1997/98, Deutschland 1997 0-1 (59)}) 9... Ng6 10. Nb5 Rc8 11. Be2 a6
12. Nbd4 Ncxe5 13. Nxe6 fxe6 14. Ng5 Ke7 15. f4 Nf7 16. Nxe6 $1 Nh6 17. Nxf8
Kxf8 18. f5 $1 Ne5 19. O-O Nhf7 20. b4 Nd6 21. Rac1 Nd7 22. c5 Nb5 23. a4 Na7
24. Bf3 c6 25. Bd4 Nf6 26. Rcd1 Nd5 27. Bxd5 cxd5 28. f6 1-0

[Event "Werner-Ott-Open Kreuzberger Sommer 2018"]
[Site "Berlin"]
[Date "2018.07.01"]
[Round "2.12"]
[White "Bergmann, Jens"]
[Black "Sommaro, Katja"]
[Result "0-1"]
[WhiteElo "1846"]
[BlackElo "2087"]
[Annotator "Lange,A1&BB_R_640941"]
[PlyCount "72"]
[EventDate "2018.06.30"]
[EventType "swiss"]
[EventRounds "9"]
[EventCountry "GER"]
[SourceTitle "WOOKS_2018_R2"]
[Source "Andreas Lange"]
[SourceDate "2018.07.01"]
[SourceVersion "1"]
[SourceVersionDate "2018.07.01"]
[SourceQuality "1"]
[WhiteTeam "SK Tempelhof 1931"]
[BlackTeam "SV Berolina Mitte"]
[WhiteTeamCountry "GER"]
[BlackTeamCountry "GER"]

{[%mdl 8192] B07: Pirc-Ufimzew-Verteidigung} 1. e4 g6 2. d4 Bg7 3. c3 d6 4. Nf3
Nf6 5. Bd3 O-O 6. O-O Nbd7 7. h3 c5 8. Be3 $146 (8. Nbd2 Qc7 9. a4 e6 10. Re1
Nh5 11. Nf1 b6 12. Bg5 a6 13. Qe2 Bb7 14. N1h2 e5 15. Ng4 Nf4 16. Bxf4 exf4 17.
Qd2 h5 18. Ngh2 c4 19. Bc2 Bh6 20. g4 f6 21. Nh4 Kf7 22. gxh5 gxh5 {Jahnz,F 
(2274)-Emig,E (2152) Berlin, BEM 2014 Klasse M, ½-½ (84)}) 8... b6 9. Nbd2
Bb7 10. Rc1 Rc8 11. Qe2 Rc7 12. Bf4 Nh5 13. Bg5 h6 14. g4 Nhf6 15. Bf4 e5 16.
dxe5 dxe5 17. Bg3 h5 18. g5 Ne8 19. Nc4 b5 20. Na5 c4 21. Bc2 Bc8 22. h4 Qe7
23. b4 Nb6 24. Rcd1 Bg4 25. Qe3 f6 26. Rd2 Bxf3 27. Qxf3 fxg5 28. Qh1 g4 29. f4
exf4 30. Bxf4 Bxc3 31. Qh2 Bxd2 32. Qxd2 Rd7 33. Qc3 Qxh4 34. Qe5 Re7 35. Qxb5
Ref7 36. Rf2 Rxf4 0-1

[Event "Werner-Ott-Open Kreuzberger Sommer 2018"]
[Site "Berlin"]
[Date "2018.07.01"]
[Round "2.13"]
[White "Thau, Oliver"]
[Black "Schulz, Hartmut"]
[Result "1/2-1/2"]
[WhiteElo "1844"]
[BlackElo "2080"]
[Annotator "Lange,A1&BB_R_640941"]
[PlyCount "75"]
[EventDate "2018.06.30"]
[EventType "swiss"]
[EventRounds "9"]
[EventCountry "GER"]
[SourceTitle "WOOKS_2018_R2"]
[Source "Andreas Lange"]
[SourceDate "2018.07.01"]
[SourceVersion "1"]
[SourceVersionDate "2018.07.01"]
[SourceQuality "1"]
[WhiteTeam "SV Babelsberg 03"]
[BlackTeam "SC Rochade"]
[WhiteTeamCountry "GER"]
[BlackTeamCountry "GER"]

{B01: Skandinavische Verteidigung} 1. Nf3 d5 2. e4 dxe4 3. Ng5 Bf5 4. g4 Bg6 5.
Bg2 Nf6 6. Nc3 c6 $146 (6... Nc6 {Thau,O (1839)-Behrmann,J (2212) Berlin,
Lichtenrader Herbst 2007, 0-1 (42)}) 7. Ngxe4 Nbd7 8. d3 e6 9. Qe2 h5 10. g5
Nd5 11. O-O Be7 12. h4 Qc7 13. Nxd5 cxd5 14. Nc3 Nb6 15. Be3 Qd7 16. Bd4 f6 17.
Bh3 Kf7 18. f4 Rae8 19. Qf2 Bd8 20. Kg2 Rhf8 21. f5 exf5 22. Bxf5 Bxf5 23. Qxf5
Qxf5 24. Rxf5 Ke6 25. Raf1 g6 26. R5f2 f5 27. Bc5 Rg8 28. Re2+ Kd7 29. Rfe1
Rxe2+ 30. Rxe2 Kc6 31. b4 Nc8 32. Bd4 a5 33. b5+ Kd6 34. Be5+ Kc5 35. a4 d4 36.
Na2 Kd5 37. c4+ dxc3 38. Bxc3 1/2-1/2

[Event "Werner-Ott-Open Kreuzberger Sommer 2018"]
[Site "Berlin"]
[Date "2018.07.01"]
[Round "2.14"]
[White "Kather, Yannick"]
[Black "Jeremic, Nemanja"]
[Result "1-0"]
[WhiteElo "2053"]
[BlackElo "1827"]
[Annotator "Lange,A1&BB_R_640941"]
[PlyCount "27"]
[EventDate "2018.06.30"]
[EventType "swiss"]
[EventRounds "9"]
[EventCountry "GER"]
[SourceTitle "WOOKS_2018_R2"]
[Source "Andreas Lange"]
[SourceDate "2018.07.01"]
[SourceVersion "1"]
[SourceVersionDate "2018.07.01"]
[SourceQuality "1"]
[WhiteTeam "SC Weisse Dame"]
[BlackTeam "SF Berlin 1903"]
[WhiteTeamCountry "GER"]
[BlackTeamCountry "GER"]

{C42: Russische Verteidigung (Petrow)} 1. e4 e5 2. Nf3 Nf6 3. Nxe5 d6 4. Nf3
Nxe4 5. d4 d5 6. Bd3 Nc6 7. Nbd2 $146 (7. Nc3 {Belostozkaja,J (2058)-Bounianer,
V (2175), Berlin, Kreuzberg Open 2003 0-1 (84)}) (7. Qe2 {Keil,U-Kuehnel,G
Deutschland, Oberliga Nord Ost 1991/92, 1992 1-0 (31)}) 7... Bg4 8. Nxe4 dxe4
9. Bxe4 Qe7 10. O-O O-O-O 11. Bxc6 bxc6 12. Qd3 Qd6 13. Ne5 Be6 14. Qa6+ 1-0

[Event "Werner-Ott-Open Kreuzberger Sommer 2018"]
[Site "Berlin"]
[Date "2018.07.01"]
[Round "2.15"]
[White "Jess, Arne"]
[Black "Gebigke, Martin"]
[Result "0-1"]
[WhiteElo "1842"]
[BlackElo "2050"]
[Annotator "Lange,A1&BB_R_640941"]
[PlyCount "90"]
[EventDate "2018.06.30"]
[EventType "swiss"]
[EventRounds "9"]
[EventCountry "GER"]
[SourceTitle "WOOKS_2018_R2"]
[Source "Andreas Lange"]
[SourceDate "2018.07.01"]
[SourceVersion "1"]
[SourceVersionDate "2018.07.01"]
[SourceQuality "1"]
[WhiteTeam "TSG Fredersdorf/Vogelsdorf"]
[BlackTeam "SC Kreuzberg"]
[WhiteTeamCountry "GER"]
[BlackTeamCountry "GER"]

{[%mdl 64] B59: Sizilianisch (Boleslawski-Variante)} 1. e4 c5 2. Nf3 d6 3. d4
cxd4 4. Nxd4 Nf6 5. Nc3 a6 6. Be2 e5 7. Nb3 Be7 8. Be3 Be6 9. O-O O-O 10. f4
exf4 11. Bxf4 Nbd7 12. Kh1 (12. Bf3 Rc8 13. Rc1 Ne5 14. Bxe5 dxe5 15. Qxd8
Rfxd8 16. Rfd1 b5 17. Kf2 Rxd1 18. Nxd1 a5 19. Nxa5 Bxa2 20. c3 Be6 21. Ne3 b4
22. c4 Bc5 23. Ke2 Bd4 24. b3 g5 25. h3 h5 26. Kd3 g4 {Neumann,I-Gebigke,M,
Int. Spandauer Weihnachtsopen, Berlin 2017, 0-1 (69)}) 12... Qb6 $146 (12...
Ne5 13. Bxe5 dxe5 14. Qxd8 Rfxd8 15. Bf3 Bb4 16. Rad1 Bxc3 17. bxc3 Rdc8 18.
Rd2 Rxc3 19. Rfd1 g5 20. h3 Bxh3 21. Rd6 Be6 22. Na5 g4 23. Rd8+ Rxd8 24. Rxd8+
Kg7 25. Bd1 b6 {0-1 (25) Gragert,T (1691)-Gebigke,M (2057), Berlin,
Alle-18-Open 1998}) 13. Qd4 Qc7 14. Rad1 Ne5 15. Nd5 Nxd5 16. exd5 Bd7 17. c4
Ng6 18. Bg3 b6 19. Qd2 Qd8 20. Qb4 Ne5 21. Nd2 f5 22. Bf2 Rb8 23. Qa3 a5 24.
Bd4 Be8 25. b4 axb4 26. Qxb4 Bg6 27. Rb1 Nd7 28. Bd1 Bf6 29. Nf3 Ne5 30. Nxe5
Bxe5 31. Bxe5 dxe5 32. Rb3 e4 33. Be2 Qc7 34. Rfb1 f4 35. Qa3 f3 $1 36. gxf3
exf3 37. Bd3 f2 38. Rf1 Bxd3 39. Rxd3 Qxc4 40. Kg2 Qe4+ 41. Rf3 Ra8 42. Qd3
Qxf3+ 43. Qxf3 Rxf3 44. Kxf3 Rxa2 45. Ke4 Kf7 0-1

[Event "Werner-Ott-Open Kreuzberger Sommer 2018"]
[Site "Berlin"]
[Date "2018.07.01"]
[Round "2.17"]
[White "Ruether, Marc"]
[Black "Schulz, Olaf"]
[Result "0-1"]
[WhiteElo "1792"]
[BlackElo "2019"]
[Annotator "Lange,A1&BB_R_640941"]
[PlyCount "78"]
[EventDate "2018.06.30"]
[EventType "swiss"]
[EventRounds "9"]
[EventCountry "GER"]
[SourceTitle "WOOKS_2018_R2"]
[Source "Andreas Lange"]
[SourceDate "2018.07.01"]
[SourceVersion "1"]
[SourceVersionDate "2018.07.01"]
[SourceQuality "1"]
[WhiteTeam "Queer-Springer SSV"]
[BlackTeam "vereinslos"]
[WhiteTeamCountry "GER"]

{B19: Caro-Kann (Hauptvariante)} 1. e4 c6 2. d4 d5 3. Nd2 dxe4 4. Nxe4 Bf5 5.
Ng3 Bg6 6. h4 h6 7. Nf3 Nd7 8. h5 Bh7 9. Bd3 Bxd3 10. Qxd3 e6 11. Bd2 Ngf6 12.
O-O-O Be7 13. Qe2 O-O 14. Nf1 $146 (14. Ne5 Qc7 (14... a5 15. f4 Qc7 16. f5
Nxe5 17. dxe5 Nd5 18. Qg4 Qxe5 19. Rde1 Nf6 20. Qf3 Qd5 21. Qxd5 Nxd5 22. fxe6
fxe6 23. Rxe6 Bb4 24. c3 Bc5 25. Ne4 Be3 26. Bxe3 Nxe3 27. Nd6 Nd5 28. Nxb7 Rf2
29. Rhe1 {Cremer,J (1976)-Jaeschke,J (2158), Berlin, Lichtenrader Herbst 2010,
1-0 (48)}) 15. Ng6 (15. f4 c5 16. Nxd7 Qxd7 17. Be3 Qa4 18. Kb1 Nd5 19. dxc5
Nxf4 20. Qg4 e5 21. Nf5 Bf6 22. Nxh6+ Kh8 23. Nf5 Qb5 24. Nd6 Qb4 25. a3 Qa5
26. Qf5 Kg8 27. h6 Ng6 28. hxg7 Bxg7 29. Qh5 Rfd8 {Weber,S (1800)-Denkert,A 
(1712), Hannover, DLM 2014 Jugend, 1-0 (31)}) 15... Rfe8 16. Nxe7+ Rxe7 17. Nf5
(17. Rh3 Nb6 18. Ne4 Nxe4 19. Qxe4 Nc4 20. Bf4 Qa5 21. Kb1 e5 22. dxe5 Qb4 23.
Qd4 Rd7 {0-1 (23) Priebe,J (2265)-Feuerstack,A (2424), Berlin, Lichtenrader
Herbst 2011}) 17... Ree8 18. Nxh6+ gxh6 19. g4 Kf8 20. Bxh6+ Ke7 21. Bd2 Rg8
22. g5 Nd5 23. Qe4 Raf8 24. c4 Rc8 25. Kb1 f5 26. Qh4 N5b6 27. b3 Rce8 28. g6+
Nf6 {Blanck,B-Schrodt,H, Berlin, Lichtenberger Sommer 2005, 1-0}) 14... c5 15.
g4 Nh7 16. g5 Nxg5 17. Rg1 cxd4 18. Bxg5 hxg5 19. Nxd4 Bf6 20. Ne3 Qa5 21. Kb1
Qe5 22. Ng4 Qxe2 23. Nxf6+ Nxf6 24. Nxe2 Rad8 25. Ng3 Kh7 26. c4 Kh6 27. Kc2 g4
28. b4 b6 29. Kc3 Nxh5 30. Nxh5 Kxh5 31. c5 Rc8 32. Kc4 Rc7 33. Rd4 bxc5 34.
bxc5 Rfc8 35. Rdxg4 Rxc5+ 36. Kb4 a5+ 37. Kb3 Rb8+ 38. Ka3 g6 39. R4g3 Kh6 0-1